[Event "Niska Banja op"]
[Site "Niska Banja"]
[Date "2017.03.31"]
[Round "2"]
[White "Stojanovic, Milorad"]
[Black "Damjanovic, Milan"]
[Result "0-1"]
[WhiteElo "1999"]
[BlackElo "1596"]
[PlyCount "44"]
[EventDate "2017.03.30"]
[EventType "swiss"]
[EventRounds "5"]
[EventCountry "SRB"]
[SourceTitle "CBM 177 Extra"]
[Source "ChessBase"]
[SourceDate "2017.04.27"]
[SourceVersion "1"]
[SourceVersionDate "2017.04.27"]
[SourceQuality "1"]

1. e4 e5 2. Nf3 Nc6 3. Bb5 a6 4. Ba4 d6 5. d4 b5 6. Bb3 exd4 7. Nxd4 Nxd4 8. Qxd4 c5 9. Bxf7+ Kxf7 10. Qd5+ Be6 11. Qh5+ g6 12. Qf3+ Qf6 13. Qe2 Nh6 14. c3 Bg7 15. b3 Rhe8 16. 0-0 Kg8 17. Bd2 Qh4 18. g3 Qh3 19. f3 d5 20. e5 Bf5 21. f4 Ng4 22. Na3 Bd3 0-1

[Event "Niska Banja op"]
[Site "Niska Banja"]
[Date "2017.03.30"]
[Round "1"]
[White "Damjanovic, Milan"]
[Black "Djoric, Hadzi Goran"]
[Result "0-1"]
[WhiteElo "1596"]
[BlackElo "2162"]
[PlyCount "74"]
[EventDate "2017.03.30"]
[EventType "swiss"]
[EventRounds "5"]
[EventCountry "SRB"]
[SourceTitle "CBM 177 Extra"]
[Source "ChessBase"]
[SourceDate "2017.04.27"]
[SourceVersion "1"]
[SourceVersionDate "2017.04.27"]
[SourceQuality "1"]

1. e4 c6 2. d4 d5 3. Nc3 dxe4 4. Nxe4 Nf6 5. Nxf6+ exf6 6. Nf3 Bd6 7. Be3 0-0 8. Qd2 Re8 9. 0-0-0 Be6 10. Kb1 b5 11. Rg1 Bd5 12. Bd3 Nd7 13. Be2 Nb6 14. g4 Qc7 15. h3 a5 16. Nh4 Bb4 17. c3 Bf8 18. g5 fxg5 19. Bxg5 f6 20. Bh6 Kh8 21. Be3 b4 22. Bd3 bxc3 23. Qxc3 Qf7 24. a3 Na4 25. Qc2 Bb3 26. Qe2 Bxd1 27. Qxd1 Nxb2 28. Kxb2 Rab8+ 29. Kc3 Qa2 30. Bc4 Qxa3+ 31. Kd2 Rb2+ 32. Ke1 Rxe3+ 33. Be2 Re4 34. Nf5 Qc3+ 35. Kf1 Qxh3+ 36. Rg2 Rexe2 37. Kg1 Qxf5 0-1